|
|
|
|
| LEADER |
00000cam a2200000 7i4500 |
| 001 |
0000064969 |
| 005 |
20160807.0 |
| 008 |
160807 |
| 020 |
|
|
|a 9789671257401
|
| 090 |
0 |
0 |
|a 158.1
|b FAR
|
| 100 |
1 |
|
|a Farhaan Rahmat
|c author
|
| 245 |
1 |
0 |
|a Kembara motivator muda
|c Farhaan Rahmat
|
| 260 |
|
|
|a Seri Kembangan, Selangor :
|b Jootawan group sdn. bhd. ,
|c 2014
|
| 300 |
|
|
|a xii, 185p. :
|b ill ;
|c 21cm.
|
| 650 |
|
0 |
|a Motivation (psychology) in adolescence
|
| 650 |
|
0 |
|a Self-actualization (psychology) in adolescence
|
| 999 |
|
|
|a 0001396094
|b Book
|c Adult Collection
|e Cawangan Urban Transformation Centre
|
| 999 |
|
|
|a 0001396095
|b Book
|c Adult Collection
|e Cawangan Urban Transformation Centre
|
| 999 |
|
|
|a 0001396096
|b Book
|c Adult Collection
|e Perbadanan Perpustakaan Awam Johor
|
| 999 |
|
|
|a 0001396097
|b Book
|c Adult Collection
|e Perbadanan Perpustakaan Awam Johor
|
| 999 |
|
|
|a 0001397066
|b Book
|c Adult Collection
|e Cawangan Taman Sri Lambak
|
| 999 |
|
|
|a 0001397067
|b Book
|c Adult Collection
|e Cawangan Pontian
|
| 999 |
|
|
|a 0001397068
|b Book
|c Adult Collection
|e Cawangan Batu Pahat
|
| 999 |
|
|
|a 0001397069
|b Book
|c Adult Collection
|e Cawangan Kota Tinggi
|
| 999 |
|
|
|a 0001397070
|b Book
|c Adult Collection
|e Cawangan Tangkak
|
| 999 |
|
|
|a 0001397071
|b Book
|c Adult Collection
|e Cawangan Sri Merlong
|
| 999 |
|
|
|a 0001397072
|b Book
|c Adult Collection
|e Cawangan Tmn. Ungku Tun Aminah
|
| 999 |
|
|
|a 0001397073
|b Book
|c Adult Collection
|e Cawangan Mersing
|
| 999 |
|
|
|a 0001397074
|b Book
|c Adult Collection
|e Cawangan Segamat
|
| 999 |
|
|
|a 0001397075
|b Book
|c Adult Collection
|e Cawangan Bukit Gambir
|
| 999 |
|
|
|a 0001397076
|b Book
|c Adult Collection
|e Cawangan Bandar Penawar
|
| 999 |
|
|
|a 0001397077
|b Book
|c Adult Collection
|e Cawangan Bandar Tenggara
|
| 999 |
|
|
|a 0001397078
|b Book
|c Adult Collection
|e Cawangan Muar
|
| 999 |
|
|
|a 0001400358
|b Book
|c Adult Collection
|e Cawangan Mersing
|
| 999 |
|
|
|a 0001400366
|b Book
|c Adult Collection
|e Cawangan Segamat
|
| 999 |
|
|
|a 0001400383
|b Book
|c Adult Collection
|e Cawangan Muar
|
| 999 |
|
|
|a 0001400386
|b Book
|c Adult Collection
|e Cawangan Bandar Penawar
|